Автоматическое регулирование напряжения и симметрирование с помощью статического тиристорного компенсатора; Интеллектуальные энергосистемы; Т. 3

Détails bibliographiques
Parent link:Интеллектуальные энергосистемы: труды V Международного молодёжного форума, 9-13 октября 2017 г., г. Томск/ Национальный исследовательский Томский политехнический университет (ТПУ), Энергетический институт (ЭНИН).— , 2017
Т. 3.— 2017.— [С. 20-23]
Auteur principal: Фоменко В. К.
Collectivité auteur: Национальный исследовательский Томский политехнический университет (ТПУ) Энергетический институт (ЭНИН) Кафедра электроэнергетических систем (ЭЭС)
Autres auteurs: Васильев А. С. Алексей Сергеевич (научный руководитель)
Résumé:Заглавие с титульного экрана
Langue:russe
Publié: 2017
Collection:Релейная защита, автоматика, электрооборудование электроэнергетических систем
Sujets:
Accès en ligne:http://earchive.tpu.ru/handle/11683/45966
Format: Électronique Chapitre de livre
KOHA link:https://koha.lib.tpu.ru/cgi-bin/koha/opac-detail.pl?biblionumber=625699

MARC

LEADER 00000naa2a2200000 4500
001 625699
005 20231101133357.0
035 |a (RuTPU)RU\TPU\conf\24959 
035 |a RU\TPU\conf\24957 
090 |a 625699 
100 |a 20171218d2017 k y0rusy50 ca 
101 0 |a rus 
102 |a RU 
105 |a y z 101zy 
135 |a drgn ---uucaa 
181 0 |a i  
182 0 |a b 
200 1 |a Автоматическое регулирование напряжения и симметрирование с помощью статического тиристорного компенсатора  |f В. К. Фоменко  |g науч. рук. А. С. Васильев 
203 |a Текст  |c электронный 
225 1 |a Релейная защита, автоматика, электрооборудование электроэнергетических систем 
230 |a 1 компьютерный файл (pdf; 372 Kb) 
300 |a Заглавие с титульного экрана 
320 |a [Библиогр.: с. 23 (1 назв.)] 
461 1 |0 (RuTPU)RU\TPU\conf\24578  |t Интеллектуальные энергосистемы  |o труды V Международного молодёжного форума, 9-13 октября 2017 г., г. Томск  |o в 3 т.  |f Национальный исследовательский Томский политехнический университет (ТПУ), Энергетический институт (ЭНИН)  |d 2017 
463 1 |0 (RuTPU)RU\TPU\conf\24584  |t Т. 3  |v [С. 20-23]  |d 2017 
610 1 |a электронный ресурс 
610 1 |a труды учёных ТПУ 
610 1 |a автоматическое регулирование 
610 1 |a регулирование напряжения 
610 1 |a симметрирование 
610 1 |a статические компенсаторы 
610 1 |a тиристорные компенсаторы 
610 1 |a электрические сети 
610 1 |a электроэнергетика 
610 1 |a нагрузки 
700 1 |a Фоменко  |b В. К. 
702 1 |a Васильев  |b А. С.  |c специалист в области электроэнергетики  |c старший преподаватель Томского политехнического университета, кандидат технических наук  |f 1986-  |g Алексей Сергеевич  |2 stltpush  |4 727 
712 0 2 |a Национальный исследовательский Томский политехнический университет (ТПУ)  |b Энергетический институт (ЭНИН)  |b Кафедра электроэнергетических систем (ЭЭС)  |h 6980  |2 stltpush  |3 (RuTPU)RU\TPU\col\18675 
801 2 |a RU  |b 63413507  |c 20180119  |g RCR 
856 4 |u http://earchive.tpu.ru/handle/11683/45966 
942 |c BK